Statistics for Fast Typing - Square Numbers from 1 to 50

Click here to take the quiz!

General Stats

  • This quiz has been taken 1,045 times
  • The average score is 39 of 50

Answer Stats

HintAnswer% Correct
11
100%
24
93%
416
92%
39
92%
525
91%
636
91%
749
90%
864
90%
10100
89%
11121
89%
981
89%
12144
88%
13169
87%
14196
86%
15225
85%
16256
84%
17289
84%
20400
84%
18324
83%
21441
83%
25625
83%
19361
82%
22484
82%
23529
81%
24576
81%
30900
81%
26676
80%
27729
79%
28784
77%
29841
77%
31961
77%
321024
75%
331089
74%
341156
73%
351225
73%
401600
73%
361296
70%
371369
67%
381444
67%
391521
65%
411681
65%
502500
64%
421764
62%
452025
62%
431849
60%
441936
59%
462116
58%
472209
57%
492401
57%
482304
56%

Score Distribution

Percentile by Number Answered

Percent of People with Each Score

Your Score History

You have not taken this quiz